000 00384nam a2200133 4500
999 _c1560
_d1560
008 200127b ||||| |||| 00| 0 eng d
082 0 0 _a621.3
_bJ246
100 _91193
_aJaggi, Yash Paul
245 1 0 _aExperiments in electrical engineering /
_cYash Paul Jaggi
260 _aDelhi
_bKhanna Publishers
_c1971
300 _aiv ,243 p.
650 0 _aElectrical Engineering
942 _2ddc
_cBK